La botanique par ordre alphabétique - Statistiques

Statistiques générales
  • Ce quiz a été pris 74 fois
  • Le résultat moyen est 10 sur 26
Statistiques - réponses
Questions Première lettre Réponses % Correct
Quelle est la couleur des fleurs du forsythia ? J Jaune
87%
Outil manuel ou mécanique, utilisé en horticulture pour ramasser les feuilles ou les brindilles et égaliser la terre fraîchement bêchée ou sarclée R Râteau
75%
Le fruit du plaqueminier K Kaki
72%
je n'ai rien trouvé donc écrivez "Y" pour avoir une réponse gratuite :) Y Y
72%
Dans un bouquet, quel nom donne-t-on à une fleur à peine éclose ? B Bouton
68%
Sous-espèce de plante herbacée de la famille des Brassicacées, cultivée comme plante potagère ou fourragère pour sa racine charnue N Navet
63%
Une espèce de plantes à fleurs de la famille des Astéracées, dont le nom désigne aussi un alcool A Absinthe
62%
De quel arbuste produisant des baies noires utilise-t-on les fleurs en tisanes ? S Sureau
57%
Quelle plante aux fleurs blanches et odorantes, une rubiacée, doit son nom au botaniste Garden ? G Gardenia
55%
Quelle petite fleur symbole de pureté, du genre galanthus, pousse sous la neige des régions froides ? P Perce-neige
55%
Quelle fleur bleu lavande et très parfumée est le symbole de la ville de Parme ? V Violette
53%
Adjectif désignant une plante dont les parents appartiennent à des espèces ou sous-espèces différentes, voire à des genres différents H Hybride
52%
Plante appartenant à l'une des familles les plus diversifiées, comptant plus de 25 000 espèces, réparties en 850 genres. O Orchidée
43%
Quelle fleur est dite "trémière" ? L Lys / Lis
37%
Quel adjectif désigne une plante qui n'a qu'une seule fleur ? U Uniflore
32%
Quel arbuste à fleurs blanches, à baies noires toxiques, tirant son nom du francique « trugil » est souvent cultivé dans les parcs et jardins pour former des haies ? T Troène
30%
Quelle sorte de coupe entoure la fleur ou le fruit de certains végétaux, comme les glands des chênes par exemple ? C Cupule
22%
Mode de pollinisation dans lequel le pollen est transporté par des animaux. Z Zoogamie
15%
Bourgeon qui donnera une pousse feuillée chez un arbre fruitier D Dard
3%
un cactus vivace originaire du Mexique. Son nom est lié à ses longues tiges aux côtes peu marquées, généralement retombantes. Son nom peut aussi être employé désigne une coiffure Q Queue de rat
3%
Fécondation d'une fleur par du pollen provenant d'un autre individu X Xénogamie
3%
Quel verbe désigne le fait d'extraire le parfum d'une fleur à l'aide d'un corps gras ? E Enfleurer
0%
Quel adjectif désigne une plante qui porte beaucoup de fleurs ? F Floribond
0%
Quel mot japonais signifie littéralement « fleur vivante » ? I Ikebena
0%
Quelle fleur nationale de Cuba, blanche et odorante, fut le symbole de la rébellion et de la pureté au cours des guerres d'indépendance ? M Mariposa
0%
Plante grimpante japonaise W Wattakaka
0%
Aucun quiz correspondant
Distribution des résultats
% des personnes avec chaque résultat
Percentile par nombre de réponses
Votre historique - résultats
Vous n’avez pas pris ce quiz